{"text_format":"3","workbook":"xlsx","n_sheets":1,"sheets":["t590"],"read":"whole","date_system":"1900"}

{"sheet":"t590","index":0,"n_rows":212,"n_cols":7,"rows_kept":212,"merged":[[0,0,0,6],[28,0,28,5],[46,0,46,5],[163,0,163,5]]}
["TABELA 590.1 - Estatísticas Agrícolas, Município de Tapiratiba, Estado de São Paulo, 2016/17."]
["ITEM","UNIDADE","N.DE UPAs","MÍNIMO","MÉDIO","MÁXIMO","TOTAL"]
["Distância à sede do município","km",243,0.1,{"v":6.07,"d":"6.1"},{"v":20,"d":"20.0"},"-"]
["Área total","hectare",243,0.5,{"v":84.05,"d":"84.1"},{"v":2655,"d":"2,655.0"},{"v":20423,"d":"20,423.0"}]
["Área com cultura perene","hectare",77,0.1,{"v":33.85,"d":"33.9"},412.6,{"v":2606.2,"d":"2,606.2"}]
["Área com cultura temporária","hectare",118,0.2,{"v":39.04,"d":"39.0"},496.1,{"v":4607.3,"d":"4,607.3"}]
["Área com pastagem","hectare",200,0.2,{"v":32.34,"d":"32.3"},857.9,{"v":6467.1,"d":"6,467.1"}]
["Área com reflorestamento","hectare",64,0.1,{"v":16.14,"d":"16.1"},210.6,{"v":1032.9,"d":"1,032.9"}]
["Área com vegetação natural","hectare",139,0.1,22.5,383.8,{"v":3127.85,"d":"3,127.9"}]
["Área com vegetação de brejo e várzea","hectare",113,0.1,{"v":9.36,"d":"9.4"},{"v":177,"d":"177.0"},{"v":1057.86,"d":"1,057.9"}]
["Área em descanso","hectare",39,0.2,{"v":12.02,"d":"12.0"},{"v":103,"d":"103.0"},468.6]
["Área complementar","hectare",189,0.1,{"v":5.58,"d":"5.6"},{"v":270,"d":"270.0"},{"v":1055.19,"d":"1,055.2"}]
["Área das UPAs com (0, 1] ha","hectare",4,0.5,{"v":0.73,"d":"0.7"},{"v":1,"d":"1.0"},2.9]
["Área das UPAs com (1, 2] ha","hectare",9,1.1,{"v":1.53,"d":"1.5"},{"v":2,"d":"2.0"},13.8]
["Área das UPAs com (2, 5] ha","hectare",34,2.2,3.8,{"v":5,"d":"5.0"},129.3]
["Área das UPAs com (5, 10] ha","hectare",39,{"v":6,"d":"6.0"},{"v":7.69,"d":"7.7"},{"v":10,"d":"10.0"},299.9]
["Área das UPAs com (10, 20] ha","hectare",45,10.2,{"v":15.33,"d":"15.3"},19.7,689.9]
["Área das UPAs com (20, 50] ha","hectare",35,21.3,{"v":31.94,"d":"31.9"},43.5,{"v":1117.9,"d":"1,117.9"}]
["Área das UPAs com (50, 100] ha","hectare",32,50.8,{"v":73.13,"d":"73.1"},99.2,{"v":2340,"d":"2,340.0"}]
["Área das UPAs com (100, 200] ha","hectare",24,105.6,{"v":143.94,"d":"143.9"},198.4,{"v":3454.6,"d":"3,454.6"}]
["Área das UPAs com (200, 500] ha","hectare",12,{"v":210,"d":"210.0"},{"v":296,"d":"296.0"},487.8,{"v":3552,"d":"3,552.0"}]
["Área das UPAs com (500, 1.000] ha","hectare",7,545.4,{"v":738.11,"d":"738.1"},{"v":960,"d":"960.0"},{"v":5166.8,"d":"5,166.8"}]
["Área das UPAs com (1.000, 2.000] ha","hectare",1,{"v":1000.9,"d":"1,000.9"},{"v":1000.9,"d":"1,000.9"},{"v":1000.9,"d":"1,000.9"},{"v":1000.9,"d":"1,000.9"}]
["Área das UPAs com (2.000, 5.000] ha","hectare",1,{"v":2655,"d":"2,655.0"},{"v":2655,"d":"2,655.0"},{"v":2655,"d":"2,655.0"},{"v":2655,"d":"2,655.0"}]
["Área das UPAs com (5.000, 10.000] ha","hectare","-","-","-","-","-"]
["Área das UPAs acima de 10.000 ha","hectare","-","-","-","-","-"]
["Fonte: Secretaria de Agricultura e Abastecimento, CDRS/IEA, Projeto LUPA."]
[]
["TABELA 590.2 - Explorações Animais, Município de Tapiratiba, Estado de São Paulo, 2016/17."]
["ITEM","UNIDADE","N.DE UPAs","MÍNIMO","MÉDIO","MÁXIMO","TOTAL"]
["Apicultura","colmeias",3,{"v":1,"d":"1.0"},{"v":14,"d":"14.0"},{"v":40,"d":"40.0"},{"v":42,"d":"42.0"}]
["Asininos e muares","cabecas",3,{"v":1,"d":"1.0"},{"v":2.67,"d":"2.7"},{"v":6,"d":"6.0"},{"v":8,"d":"8.0"}]
["Avicultura de corte","cabecas/ano",9,{"v":25,"d":"25.0"},{"v":56703.89,"d":"56,703.9"},{"v":250000,"d":"250,000.0"},{"v":510335,"d":"510,335.0"}]
["Avicultura ornamental/decorativa/exotica","cabecas",2,{"v":6,"d":"6.0"},{"v":78,"d":"78.0"},{"v":150,"d":"150.0"},{"v":156,"d":"156.0"}]
["Avicultura para ovos","cabecas",10,{"v":20,"d":"20.0"},{"v":1398.5,"d":"1,398.5"},{"v":13000,"d":"13,000.0"},{"v":13985,"d":"13,985.0"}]
["Bovinocultura de corte","cabecas",64,{"v":3,"d":"3.0"},{"v":71.23,"d":"71.2"},{"v":420,"d":"420.0"},{"v":4559,"d":"4,559.0"}]
["Bovinocultura leiteira","cabecas",15,{"v":1,"d":"1.0"},423.6,{"v":6144,"d":"6,144.0"},{"v":6354,"d":"6,354.0"}]
["Bovinocultura mista","cabecas",67,{"v":2,"d":"2.0"},{"v":50.88,"d":"50.9"},{"v":496,"d":"496.0"},{"v":3409,"d":"3,409.0"}]
["Cunicultura","cabecas",2,{"v":1,"d":"1.0"},3.5,{"v":6,"d":"6.0"},{"v":7,"d":"7.0"}]
["Equinocultura","cabecas",38,{"v":1,"d":"1.0"},{"v":8.34,"d":"8.3"},{"v":69,"d":"69.0"},{"v":317,"d":"317.0"}]
["Ovinocultura","cabecas",5,{"v":16,"d":"16.0"},38.6,{"v":60,"d":"60.0"},{"v":193,"d":"193.0"}]
["Piscicultura","m2 tanques",1,{"v":120,"d":"120.0"},{"v":120,"d":"120.0"},{"v":120,"d":"120.0"},{"v":120,"d":"120.0"}]
["Ranicultura","girinos/ano",1,{"v":10000,"d":"10,000.0"},{"v":10000,"d":"10,000.0"},{"v":10000,"d":"10,000.0"},{"v":10000,"d":"10,000.0"}]
["Suinocultura","cabecas",13,{"v":4,"d":"4.0"},{"v":48.85,"d":"48.9"},{"v":200,"d":"200.0"},{"v":635,"d":"635.0"}]
["Fonte: Secretaria de Agricultura e Abastecimento, CDRS/IEA, Projeto LUPA."]
[]
["TABELA 590.3 -  Máquinas, Implementos e Benfeitorias, Município de Tapiratiba, Estado de São Paulo, 2016/17."]
["ITEM","UNIDADE","N.DE UPAs","MÍNIMO","MÉDIO","MÁXIMO","TOTAL"]
["Arado comum (bacia, aiveca)","unidade",30,{"v":1,"d":"1.0"},{"v":1.73,"d":"1.7"},{"v":15,"d":"15.0"},{"v":52,"d":"52.0"}]
["Arado escarificador","unidade",6,{"v":1,"d":"1.0"},{"v":1.33,"d":"1.3"},{"v":3,"d":"3.0"},{"v":8,"d":"8.0"}]
["Arado subsolador","unidade",7,{"v":1,"d":"1.0"},{"v":1.29,"d":"1.3"},{"v":2,"d":"2.0"},{"v":9,"d":"9.0"}]
["Batedeira de cereais","unidade",2,{"v":1,"d":"1.0"},{"v":1,"d":"1.0"},{"v":1,"d":"1.0"},{"v":2,"d":"2.0"}]
["Camara fria","unidade",1,{"v":1,"d":"1.0"},{"v":1,"d":"1.0"},{"v":1,"d":"1.0"},{"v":1,"d":"1.0"}]
["Carregadeira de cana","unidade",1,{"v":20,"d":"20.0"},{"v":20,"d":"20.0"},{"v":20,"d":"20.0"},{"v":20,"d":"20.0"}]
["Carreta de trator","unidade",20,{"v":1,"d":"1.0"},1.9,{"v":5,"d":"5.0"},{"v":38,"d":"38.0"}]
["Colhedeira acoplada","unidade",4,{"v":1,"d":"1.0"},{"v":1.75,"d":"1.8"},{"v":4,"d":"4.0"},{"v":7,"d":"7.0"}]
["Colhedeira automotriz","unidade",3,{"v":1,"d":"1.0"},{"v":2.67,"d":"2.7"},{"v":6,"d":"6.0"},{"v":8,"d":"8.0"}]
["Computador","unidade",8,{"v":1,"d":"1.0"},{"v":5.63,"d":"5.6"},{"v":35,"d":"35.0"},{"v":45,"d":"45.0"}]
["Conj.irrigacao convencional","unidade",9,{"v":1,"d":"1.0"},{"v":1,"d":"1.0"},{"v":1,"d":"1.0"},{"v":9,"d":"9.0"}]
["Conj.irrigacao pivot central","unidade",1,{"v":2,"d":"2.0"},{"v":2,"d":"2.0"},{"v":2,"d":"2.0"},{"v":2,"d":"2.0"}]
["Conj.irrigacao/gotejamento/microaspersao","unidade",1,{"v":1,"d":"1.0"},{"v":1,"d":"1.0"},{"v":1,"d":"1.0"},{"v":1,"d":"1.0"}]
["Conjunto de fenacao","unidade",1,{"v":5,"d":"5.0"},{"v":5,"d":"5.0"},{"v":5,"d":"5.0"},{"v":5,"d":"5.0"}]
["Desintegrador de palha (plantio direto)","unidade",5,{"v":1,"d":"1.0"},1.2,{"v":2,"d":"2.0"},{"v":6,"d":"6.0"}]
["Desintegrador, picador, triturador","unidade",54,{"v":1,"d":"1.0"},{"v":1.13,"d":"1.1"},{"v":4,"d":"4.0"},{"v":61,"d":"61.0"}]
["Distribuidor de calcario","unidade",15,{"v":1,"d":"1.0"},{"v":2.13,"d":"2.1"},{"v":15,"d":"15.0"},{"v":32,"d":"32.0"}]
["Ensiladeira","unidade",13,{"v":1,"d":"1.0"},{"v":1.08,"d":"1.1"},{"v":2,"d":"2.0"},{"v":14,"d":"14.0"}]
["Grade aradora (tipo romi)","unidade",18,{"v":1,"d":"1.0"},{"v":1.56,"d":"1.6"},{"v":4,"d":"4.0"},{"v":28,"d":"28.0"}]
["Grade niveladora","unidade",28,{"v":1,"d":"1.0"},{"v":1.39,"d":"1.4"},{"v":5,"d":"5.0"},{"v":39,"d":"39.0"}]
["Implementos para tracao animal","unidade",2,{"v":1,"d":"1.0"},{"v":3,"d":"3.0"},{"v":5,"d":"5.0"},{"v":6,"d":"6.0"}]
["Misturador de racao","unidade",9,{"v":1,"d":"1.0"},{"v":1,"d":"1.0"},{"v":1,"d":"1.0"},{"v":9,"d":"9.0"}]
["Mmicrotrator","unidade",2,{"v":1,"d":"1.0"},{"v":1,"d":"1.0"},{"v":1,"d":"1.0"},{"v":2,"d":"2.0"}]
["Ordenhadeira mecanica","unidade",9,{"v":1,"d":"1.0"},{"v":1.11,"d":"1.1"},{"v":2,"d":"2.0"},{"v":10,"d":"10.0"}]
["Pulverizador tratorizado","unidade",27,{"v":1,"d":"1.0"},{"v":1.67,"d":"1.7"},{"v":10,"d":"10.0"},{"v":45,"d":"45.0"}]
["Resfriador de leite, tanque expansao","unidade",4,{"v":1,"d":"1.0"},{"v":1,"d":"1.0"},{"v":1,"d":"1.0"},{"v":4,"d":"4.0"}]
["Roçadora","unidade",6,{"v":1,"d":"1.0"},1.5,{"v":2,"d":"2.0"},{"v":9,"d":"9.0"}]
["Semeadeira/adubadeira para plantio convencional","unidade",14,{"v":1,"d":"1.0"},{"v":1.29,"d":"1.3"},{"v":3,"d":"3.0"},{"v":18,"d":"18.0"}]
["Semeadeira/plantadeira plantio direto","unidade",9,{"v":1,"d":"1.0"},{"v":1.56,"d":"1.6"},{"v":4,"d":"4.0"},{"v":14,"d":"14.0"}]
["Terraceador","unidade",1,{"v":1,"d":"1.0"},{"v":1,"d":"1.0"},{"v":1,"d":"1.0"},{"v":1,"d":"1.0"}]
["Trator de esteiras","unidade",2,{"v":1,"d":"1.0"},1.5,{"v":2,"d":"2.0"},{"v":3,"d":"3.0"}]
["Trator de pneus ","unidade",1,{"v":1,"d":"1.0"},{"v":1,"d":"1.0"},{"v":1,"d":"1.0"},{"v":1,"d":"1.0"}]
["Trator de pneus  acima de 85 cv","unidade",7,{"v":1,"d":"1.0"},{"v":1.29,"d":"1.3"},{"v":2,"d":"2.0"},{"v":9,"d":"9.0"}]
["Trator de pneus até 65 cv","unidade",40,{"v":1,"d":"1.0"},2.5,{"v":36,"d":"36.0"},{"v":100,"d":"100.0"}]
["Trator de pneus de 66 cv a 85 cv","unidade",23,{"v":1,"d":"1.0"},{"v":1.57,"d":"1.6"},{"v":3,"d":"3.0"},{"v":36,"d":"36.0"}]
["Acude/represa","unidade",93,{"v":1,"d":"1.0"},{"v":2.04,"d":"2.0"},{"v":11,"d":"11.0"},{"v":190,"d":"190.0"}]
["Alambique","unidade",3,{"v":1,"d":"1.0"},{"v":1,"d":"1.0"},{"v":1,"d":"1.0"},{"v":3,"d":"3.0"}]
["Almoxarifado/oficina","unidade",18,{"v":1,"d":"1.0"},{"v":1.11,"d":"1.1"},{"v":2,"d":"2.0"},{"v":20,"d":"20.0"}]
["Armazem para graos ensacados","sacas",15]
["Balanca para bovinos","unidade",8,{"v":1,"d":"1.0"},{"v":1,"d":"1.0"},{"v":1,"d":"1.0"},{"v":8,"d":"8.0"}]
["Balanca para veiculos","unidade",2,{"v":1,"d":"1.0"},{"v":1,"d":"1.0"},{"v":1,"d":"1.0"},{"v":2,"d":"2.0"}]
["Barracao para cultivo de cogumelo","unidade",1,{"v":2,"d":"2.0"},{"v":2,"d":"2.0"},{"v":2,"d":"2.0"},{"v":2,"d":"2.0"}]
["Barracao para granja/avicultura","unidade",16,{"v":1,"d":"1.0"},{"v":3.25,"d":"3.3"},{"v":14,"d":"14.0"},{"v":52,"d":"52.0"}]
["Barracao/galpao/garagem","unidade",90,{"v":1,"d":"1.0"},{"v":1.14,"d":"1.1"},{"v":2,"d":"2.0"},{"v":103,"d":"103.0"}]
["Biodigestor","unidade",7,{"v":1,"d":"1.0"},{"v":1.86,"d":"1.9"},{"v":3,"d":"3.0"},{"v":13,"d":"13.0"}]
["Casa de moradia habitada","unidade",148,{"v":1,"d":"1.0"},{"v":3.94,"d":"3.9"},{"v":67,"d":"67.0"},{"v":583,"d":"583.0"}]
["Casa de moradia total","unidade",161,{"v":1,"d":"1.0"},{"v":4.12,"d":"4.1"},{"v":46,"d":"46.0"},{"v":663,"d":"663.0"}]
["Curral/mangueira","unidade",59,{"v":1,"d":"1.0"},{"v":1.08,"d":"1.1"},{"v":3,"d":"3.0"},{"v":64,"d":"64.0"}]
["Deposito/tulha","unidade",79,{"v":1,"d":"1.0"},{"v":1.72,"d":"1.7"},{"v":8,"d":"8.0"},{"v":136,"d":"136.0"}]
["Estabulo","unidade",22,{"v":1,"d":"1.0"},{"v":1,"d":"1.0"},{"v":1,"d":"1.0"},{"v":22,"d":"22.0"}]
["Estacao/posto meteorologico","unidade",1,{"v":1,"d":"1.0"},{"v":1,"d":"1.0"},{"v":1,"d":"1.0"},{"v":1,"d":"1.0"}]
["Fabrica de racao","unidade",4,{"v":1,"d":"1.0"},{"v":1,"d":"1.0"},{"v":1,"d":"1.0"},{"v":4,"d":"4.0"}]
["Instalacoes para equinos","unidade",4,{"v":1,"d":"1.0"},{"v":1.25,"d":"1.3"},{"v":2,"d":"2.0"},{"v":5,"d":"5.0"}]
["Maquina de beneficio","unidade",29,{"v":1,"d":"1.0"},{"v":1,"d":"1.0"},{"v":1,"d":"1.0"},{"v":29,"d":"29.0"}]
["Pocilga","unidade",7,{"v":1,"d":"1.0"},{"v":1,"d":"1.0"},{"v":1,"d":"1.0"},{"v":7,"d":"7.0"}]
["Poco semi-artesiano","unidade",9,{"v":1,"d":"1.0"},{"v":1.11,"d":"1.1"},{"v":2,"d":"2.0"},{"v":10,"d":"10.0"}]
["Secador de graos","unidade",25,{"v":1,"d":"1.0"},1.6,{"v":5,"d":"5.0"},{"v":40,"d":"40.0"}]
["Silo para graos","ton",7]
["Silo para silagem","ton",11]
["Terreiro","m2",51]
["Usina de acucar/destilaria","unidade",2,{"v":1,"d":"1.0"},{"v":1,"d":"1.0"},{"v":1,"d":"1.0"},{"v":2,"d":"2.0"}]
["Fonte: Secretaria de Agricultura e Abastecimento, CDRS/IEA, Projeto LUPA."]
[]
["TABELA 590.4 - Outras Estatísticas Agrícolas, Município de Tapiratiba, Estado de São Paulo, 2016/17."]
["ITEM","Número de UPAs",null,"Percentual"]
["Faz Parte de Associação de Produtores",34,null,{"v":13.991769547325104,"d":"14.0"}]
["Faz Parte de Cooperativa de Produtores",78,null,{"v":32.098765432098766,"d":"32.1"}]
["Faz Parte do Sindicato de Produtores",35,null,{"v":14.40329218106996,"d":"14.4"}]
["Não utiliza assistência técnica ",103,null,{"v":42.38683127572016,"d":"42.4"}]
["Utiliza somente assistência técnica governamental ",49,null,{"v":20.16460905349794,"d":"20.2"}]
["Utiliza somente assistência técnica privada ",53,null,{"v":21.810699588477366,"d":"21.8"}]
["Utiliza assistência técnica tanto governamental quanto privada",38,null,{"v":15.637860082304526,"d":"15.6"}]
["Utiliza Crédito Rural",76,null,{"v":31.27572016460905,"d":"31.3"}]
["Utiliza Seguro Rural",40,null,{"v":16.46090534979424,"d":"16.5"}]
["Utiliza Escrituração Agrícola",126,null,{"v":51.85185185185185,"d":"51.9"}]
["Acessa Internet p/ Fins na Agropecuária",52,null,{"v":21.39917695473251,"d":"21.4"}]
["Utiliza Computador nas Atividades Agropecuárias",51,null,{"v":20.987654320987655,"d":"21.0"}]
["Utiliza Energia Elétrica Para Uso na Atividade Agrícola",180,null,{"v":74.07407407407408,"d":"74.1"}]
["Utiliza Energia Alternativa",1,null,{"v":0.411522633744856,"d":"0.4"}]
["Realiza Análise de Solo, quando necessário",90,null,{"v":37.03703703703704,"d":"37.0"}]
["Realiza Calagem",17,null,{"v":6.995884773662552,"d":"7.0"}]
["Utiliza Práticas de Conservação de Solo, quando necessário",68,null,{"v":27.983539094650208,"d":"28.0"}]
["Faz Adubação Mineral, quando necessário",118,null,{"v":48.559670781893,"d":"48.6"}]
["Faz Adubação Orgânica, quando necessário",47,null,{"v":19.34156378600823,"d":"19.3"}]
["Faz Adubação Verde, quando necessário",12,null,{"v":4.938271604938271,"d":"4.9"}]
["Utiliza Manejo Integrado de Pragas (MIP)",13,null,{"v":5.349794238683128,"d":"5.3"}]
["Utiliza Hidroponia","-",null,"-"]
["Utiliza Cultivo em Estufa","-",null,"-"]
["Utiliza Mudas Fiscalizadas",62,null,{"v":25.51440329218107,"d":"25.5"}]
["Utiliza Semente Melhorada",75,null,{"v":30.864197530864196,"d":"30.9"}]
["Faz Confinamento de Bovinos",4,null,{"v":1.646090534979424,"d":"1.6"}]
["Utiliza Pastejo Intensivo",90,null,{"v":37.03703703703704,"d":"37.0"}]
["Faz Inseminação Artificial",2,null,{"v":0.823045267489712,"d":"0.8"}]
["Faz Mineralização do Rebanho",82,null,{"v":33.74485596707819,"d":"33.7"}]
["Faz Vermifugação do Rebanho",82,null,{"v":33.74485596707819,"d":"33.7"}]
["Possui Parceiros /Arrendatários na Exploração Animal",19,null,{"v":7.818930041152264,"d":"7.8"}]
["Existência de trabalhadores c/ deficiência na UPA",1,null,{"v":0.411522633744856,"d":"0.4"}]
["Esporte e lazer",1,null,{"v":0.411522633744856,"d":"0.4"}]
["Extração mineral","-",null,"-"]
["Hotel Fazenda, Pousada ou SPA",1,null,{"v":0.411522633744856,"d":"0.4"}]
["Pesque-pague",1,null,{"v":0.411522633744856,"d":"0.4"}]
["Restaurante ou Lanchonete",1,null,{"v":0.411522633744856,"d":"0.4"}]
["Transformação artesanal","-",null,"-"]
["Turismo rural ou ecoturismo","-",null,"-"]
["Outras atividades econômicas rurais",1,null,{"v":0.411522633744856,"d":"0.4"}]
["Agroindústria",2,null,{"v":0.823045267489712,"d":"0.8"}]
["Proprietário sem instrução ou com instrução incompleta",6,null,{"v":2.4691358024691357,"d":"2.5"}]
["Proprietário com antigo primário completo",71,null,{"v":29.218106995884774,"d":"29.2"}]
["Proprietário com 1° grau (ou antigo ginasial) completo",29,null,{"v":11.934156378600822,"d":"11.9"}]
["Proprietário com 2° grau (ou antigo colegial) completo",43,null,{"v":17.695473251028808,"d":"17.7"}]
["Proprietário com curso superior completo ",87,null,{"v":35.80246913580247,"d":"35.8"}]
["Pessoa Jurídica",7,null,{"v":2.880658436213992,"d":"2.9"}]
["Proprietário residente na própria UPA ",55,null,{"v":22.63374485596708,"d":"22.6"}]
["Fonte: Secretaria de Agricultura e Abastecimento, CDRS/IEA, Projeto LUPA."]
[]
["TABELA 590.5 - Área Cultivada, Município de Tapiratiba, Estado de São Paulo, 2016/17."]
["CULTURA","N.DE UPAs","MÍNIMO","MÉDIO","MÁXIMO","TOTAL"]
["Braquiaria",177,0.2,{"v":31.11,"d":"31.1"},760.2,{"v":5506,"d":"5,506.0"}]
["Cafe",67,0.1,{"v":38.65,"d":"38.7"},412.6,{"v":2589.4,"d":"2,589.4"}]
["Cana-de-acucar finalidade industria",16,2.4,{"v":129.82,"d":"129.8"},{"v":440,"d":"440.0"},{"v":2077.1,"d":"2,077.1"}]
["Cana-de-acucar outras finalidades",58,0.1,{"v":29.29,"d":"29.3"},{"v":300,"d":"300.0"},{"v":1699,"d":"1,699.0"}]
["Eucalipto",64,0.1,{"v":16.11,"d":"16.1"},210.6,{"v":1030.9,"d":"1,030.9"}]
["Milho-silagem",3,3.5,181.2,496.1,543.6]
["Gramas",48,0.5,{"v":9.44,"d":"9.4"},97.7,452.9]
["Milho safra",61,0.2,{"v":5.14,"d":"5.1"},{"v":70,"d":"70.0"},313.4]
["Capim-napier (ou capim-elefante)",13,0.5,{"v":14.57,"d":"14.6"},{"v":80,"d":"80.0"},189.4]
["Coloniao",5,{"v":1,"d":"1.0"},31.7,{"v":95,"d":"95.0"},158.5]
["Outras gramineas para pastagem",7,0.5,{"v":18.26,"d":"18.3"},{"v":37,"d":"37.0"},127.8]
["Feijao",8,0.3,{"v":9.98,"d":"10.0"},{"v":70,"d":"70.0"},79.8]
["Soja",1,{"v":30,"d":"30.0"},{"v":30,"d":"30.0"},{"v":30,"d":"30.0"},{"v":30,"d":"30.0"}]
["Bucha",4,0.1,{"v":7.45,"d":"7.5"},{"v":27,"d":"27.0"},29.8]
["Capim-gordura",4,{"v":1,"d":"1.0"},{"v":6.75,"d":"6.8"},18.2,{"v":27,"d":"27.0"}]
["Tomate envarado",6,0.1,{"v":2.97,"d":"3.0"},{"v":10,"d":"10.0"},17.8]
["Banana",6,0.1,{"v":1.92,"d":"1.9"},{"v":10,"d":"10.0"},11.5]
["Capim-jaragua",1,5.5,5.5,5.5,5.5]
["Tangerina",1,2.5,2.5,2.5,2.5]
["Maracuja",1,{"v":2,"d":"2.0"},{"v":2,"d":"2.0"},{"v":2,"d":"2.0"},{"v":2,"d":"2.0"}]
["Outras florestais",1,{"v":2,"d":"2.0"},{"v":2,"d":"2.0"},{"v":2,"d":"2.0"},{"v":2,"d":"2.0"}]
["Repolho",4,0.1,{"v":0.33,"d":"0.3"},{"v":1,"d":"1.0"},1.3]
["Alface",4,0.1,0.3,0.5,1.2]
["Pomar domestico",4,0.1,{"v":0.25,"d":"0.3"},0.4,{"v":1,"d":"1.0"}]
["Cenoura",1,{"v":1,"d":"1.0"},{"v":1,"d":"1.0"},{"v":1,"d":"1.0"},{"v":1,"d":"1.0"}]
["Juta",1,{"v":1,"d":"1.0"},{"v":1,"d":"1.0"},{"v":1,"d":"1.0"},{"v":1,"d":"1.0"}]
["Feijao-vagem (ou vagem, ou feijao-verde)",2,0.3,0.4,0.5,0.8]
["Quiabo",3,0.1,{"v":0.17,"d":"0.2"},0.2,0.5]
["Jabuticaba",2,0.1,0.2,0.3,0.4]
["Beterraba",1,0.4,0.4,0.4,0.4]
["Pepino",3,0.1,{"v":0.13,"d":"0.1"},0.2,0.4]
["Pimentao",2,0.1,0.2,0.3,0.4]
["Couve-flor",1,0.4,0.4,0.4,0.4]
["Abobora (ou jerimum)",2,0.1,{"v":0.15,"d":"0.2"},0.2,0.3]
["Pimenta",1,0.2,0.2,0.2,0.2]
["Berinjela",2,0.1,0.1,0.1,0.2]
["Abacate",1,0.2,0.2,0.2,0.2]
["Brocolos (ou brocolis)",1,0.2,0.2,0.2,0.2]
["Feijao-adzuki (ou azuki)",1,0.2,0.2,0.2,0.2]
["Jilo",1,0.2,0.2,0.2,0.2]
["Laranja destino misto",1,0.1,0.1,0.1,0.1]
["Amendoim",1,0.1,0.1,0.1,0.1]
["Horta domestica",1,0.1,0.1,0.1,0.1]
["Limao",1,0.1,0.1,0.1,0.1]
["Mandioca",1,0.1,0.1,0.1,0.1]
["Couve (ou couve-crespa)",1,0.1,0.1,0.1,0.1]
["Fonte: Secretaria de Agricultura e Abastecimento, CDRS/IEA, Projeto LUPA."]